World War 2 General knowledge quiz - Statistics

General Stats
  • This quiz has been taken 148 times
  • The average score is 13 of 15
Answer Stats
Question Answer % Correct
What was the last name of Winston Churchill? Churchill
95%
How was the book hitler wrote in jail named? Mein Kampf
93%
Which event is widely considered to be a turning point in the war? The battle of Stalingrad
93%
During which year was the bombing of pearl harbour? 1941
92%
Which of these people was in Hitler's inner circle? Heinrich Himmler
92%
Was Switzerland neutral? Yes
92%
When did the invasion of the Netherlands by the Germans during WW2 start? May 10th 1940
90%
Which of these is a world war 2 plane? The Spitfire
89%
Was Bob the builder involved in the D-day landing? No
87%
How was the paramilitary group that played a major part in the holocaust called? SS
87%
Which of these countries was in the commonwealth? Canada
82%
Who was the leader of Manchukuo when it was under control of the Japanese? Puyi
82%
How was the German annexation of Austria called? Anschluss
80%
How was the pact of non-aggression between Germany and The Soviet-Union called? The Molotov-Ribbentrop pact
66%
The allied invasion of northern africa was called operation _ Torch
52%
No matching quizzes found
Score Distribution
Percent of People with Each Score
Percentile by Number Answered
Your Score History
You have not taken this quiz